Vista normal
Vista MARC
Entrada Término temático
Número de registros utilizados en: 0
001 - NÚMERO DE CONTROL
- campo de control: 77659
003 - IDENTIFICADOR DEL NÚMERO DE CONTROL
- campo de control: CO-MdUADB
005 - FECHA Y HORA DE LA ÚLTIMA TRANSACCIÓN
- campo de control: 20230713154252.0
008 - DATOS DE LONGITUD FIJA
- campo de control de longitud fija: 230418|| aza||babn a ana d
040 ## - FUENTE DE LA CATALOGACIÓN
- Centro catalogador/agencia de origen: CO-MdUADB
- Centro/agencia transcriptor: CO-MdUADB
- Lengua de catalogación: spa
- Normas de descripción: rda
- Convención/Normas de encabezamiento de materia/tesauro: lcsh
150 ## - ENCABEZAMIENTO--TÉRMINO DE MATERIA
- Término de materia o nombre geográfico como elemento de entrada: Industria cinematográfica
- Subdivisión geográfica: Estados Unidos
450 ## - TRAZADO DE VÉASE--TÉRMINO DE MATERIA
- Término de materia o nombre geográfico como elemento de entrada: Motion picture industry
- Subdivisión geográfica: United States
450 ## - TRAZADO DE VÉASE--TÉRMINO DE MATERIA
- Término de materia o nombre geográfico como elemento de entrada: Cine
- Subdivisión general: Industria
- Subdivisión geográfica: Estados Unidos
450 ## - TRAZADO DE VÉASE--TÉRMINO DE MATERIA
- Término de materia o nombre geográfico como elemento de entrada: Cinematografía
- Subdivisión general: Industria
- Subdivisión geográfica: Estados Unidos
450 ## - TRAZADO DE VÉASE--TÉRMINO DE MATERIA
- Término de materia o nombre geográfico como elemento de entrada: Industria del cine
- Subdivisión geográfica: Estados Unidos

